Online
Catalog
Normal view MARC view

Entry Nombre corporativo

Number of records used in: 3

001 - NÚMERO DE CONTROL

  • campo de control: 82982

003 - IDENTIFICADOR DEL NÚMERO DE CONTROL

  • campo de control: DO-SdBNP

005 - FECHA Y HORA DE LA ÚLTIMA TRANSACCIÓN

  • campo de control: 20221205111735.0

008 - DATOS DE LONGITUD FIJA

  • campo de control de longitud fija: 221205|| aca||aabn | a|a d

040 ## - FUENTE DE LA CATALOGACIÓN

  • Centro catalogador/agencia de origen: DO-SdBNP
  • Centro/agencia transcriptor: DO-SdBNP

110 ## - ENCABEZAMIENTO-NOMBRE DE ENTIDAD CORPORATIVA

  • Nombre de entidad corporativa o nombre de jurisdicción como elemento de entrada: República Dominicana.
  • Unidad subordinada: Presidencia, Comisión Organizadora Permanente de la Feria Nacional del Libro

670 ## - FUENTE DE DATOS ENCONTRADOS

  • Cita de la fuente: Work cat.: (DO-SdBNP)53063: República Dominicana. Presidencia, Comisión Organizadora Permanente de la Feria Nacional del Libro, Catálogo de expo-libros dominicanos 1990, Eugenio Maria de Hostos, 1990.

Powered by Koha